Resolución de conflictos en las escuelas: proyectos y ejercitación
Gespeichert in:
| Hauptverfasser: | , |
|---|---|
| Format: | Buch |
| Sprache: | Spanisch |
| Veröffentlicht: |
Buenos Aires
Espacio
2000
|
| Ausgabe: | 1a. ed |
| Schriftenreihe: | Colección Didáctica
|
| Schlagworte: | |
| Tags: |
Tag hinzufügen
Keine Tags, Fügen Sie den ersten Tag hinzu!
|
MARC
| LEADER | 00000nam a2200000 a 4500 | ||
|---|---|---|---|
| 001 | UCK6909 | ||
| 003 | CL-VaPUC | ||
| 008 | 051021e20000000AG |||||||||||||||||spa|d | ||
| 020 | |a 9508021136 | ||
| 082 | 0 | 4 | |a 371.5 |b DAR |2 21 |
| 100 | 0 | |a Darino, Marta Susana |e author |9 496422 | |
| 700 | |a Gómez Olivera, Mirta |e author |9 496286 | ||
| 245 | 1 | 0 | |a Resolución de conflictos en las escuelas: proyectos y ejercitación |
| 250 | |a 1a. ed | ||
| 300 | |a 88 p | ||
| 942 | |c BK | ||
| 945 | |d 20051021 00:00:00 |a jcarroza | ||
| 260 | |a Buenos Aires |b Espacio |c 2000 | ||
| 650 | 0 | |a Mediación |9 338396 | |
| 650 | 0 | |a Solución de conflictos |9 266729 | |
| 650 | 0 | |a Disciplina escolar |9 271077 | |
| 583 | |a last modification |c 20051021 00:00:00 |k Rodrigo Vera | ||
| 490 | 0 | |a Colección Didáctica | |
| 999 | |c 315045 |d 315043 | ||
| 952 | |0 0 |1 0 |4 0 |6 371_500000000000000_DAR_2000 |7 0 |8 A |9 387946 |a BIBDER |b BIBDER |d 2019-11-22 |i 4176219 |l 1 |m 5 |o 371.5 DAR 2000 |p 4176219 |r 2023-01-25 |s 2021-10-19 |w 2019-11-22 |y BK |k DER | ||